[Event "FRA-chT1B 0708"]
[Site "France"]
[Date "2008.02.09"]
[Round "6.7"]
[White "Le Roux, Yann Erle"]
[Black "Handschuh, Alan"]
[Result "1-0"]
[WhiteElo "1991"]
[BlackElo "1840"]
[PlyCount "51"]
[EventDate "2007.10.21"]
[EventType "team-tourn"]
[EventRounds "11"]
[EventCountry "FRA"]
[SourceTitle "EXT 2009"]
[Source "ChessBase"]
[SourceDate "2008.11.26"]
[SourceVersion "1"]
[SourceVersionDate "2008.11.26"]
[SourceQuality "1"]
[WhiteTeam "Lutece"]
[BlackTeam "Avignon"]
[WhiteTeamCountry "FRA"]
[BlackTeamCountry "FRA"]

1. d4 d5 2. c4 e6 3. Nc3 Nf6 4. cxd5 exd5 5. Bg5 Be7 6. Qc2 0-0 7. e3 c6 8. Bd3 h6 9. Bh4 Re8 10. Nge2 Qc7 11. Bxf6 Bxf6 12. Nxd5 Qa5+ 13. Ndc3 Nd7 14. 0-0 c5 15. Nd5 Bd8 16. Rfd1 cxd4 17. Bh7+ Kf8 18. Rxd4 Nf6 19. b4 Qb5 20. Bd3 Qc6 21. Ndc3 Bb6 22. Bb5 Qe6 23. Bxe8 Bxd4 24. Bxf7 Qxf7 25. Nxd4 Bd7 26. Qd2 1-0